000 00630nmm a22001817a 4500
005 20131212095822.0
008 131212b2012 ck ||||| |||| 00| 0 spa d
041 _aspa
044 _ack
090 _aLB
_b05850
110 _aOrganización Panamericana de la Salud
_93324
245 _aAdaptación al cambio climático y salud ambiental :
_bCongreso de salud ambiental
260 _aBogotá
_bOrganización Panamericana de la Salud
_bMinisterio de Salud y Protección Social
_c2012
300 _a3 días,
_bil., imágenes
_c13 cm
505 _aIncluye contenido
710 _aAlcaldía Mayor de Bogotá
_93107
942 _2z
_cCD-ROM
999 _c8033
_d8033